• 首页
  • 本馆介绍
  • 公告通知
  • 最新文献
  • 馆藏检索
  • 电子资源
  • 读者导购
  • 参考咨询
  • 我的图书馆
  • 登录
  • 详细信息显示
  • 放入我的书架
  • 预约/预借图书
  • 作者相关作品
  • 分类相关作品
  • 丛书相关作品
  • 出版社相关作品

书目信息

  • 表格格式
  • 工作单格式
  • 卡片格式
题名:
泰戈尔小说选
    
 
作者: 泰戈尔 著 ;谢冰心 , 黄雨石 译
分册:  
出版信息: 贵阳   贵州人民出版社  1981
页数: 376页
开本: 19cm
丛书名:
单 册:
中图分类: I351.4
科图分类:
主题词: 小说--印度
电子资源:
ISBN:
000 00713nam0 2200253 45
001 0181007892
005 20041222152909.2
010    @dCNY1.30
091    @a10115.420
100    @a19950620d1981 em y0chiy0121 ea
101 1  @achi@cinc
102    @aCN@b520000
105    @ay z 000ay
200 10 @a泰戈尔小说选@Atai ge er xiao shuo xuan@f(印)泰戈尔著@F(Yin)Tai Ge Er Zhu@g谢冰心,黄雨石译
210    @a贵阳@c贵州人民出版社@d1981
215    @a376页@d19cm
606    @a小说@y印度
690    @aI351.4@v3
701  0 @a泰戈尔@4著
702  0 @a谢冰心@Axie bing xin@4译
702  0 @a黄雨石@Ahuang yu shi@4译
801  0 @aCN@b上海图书馆@c20040413
801  2 @aCN@bNLC@c20040413
905    @dI351.4@e2@f1@b76428
    
    泰戈尔小说选/(印)泰戈尔著/谢冰心,黄雨石译.-贵阳:贵州人民出版社,1981
    376页;19cm
    
    
    ISBN :CNY1.30
    
●
相关链接 在E读中查询图书 在五车中查询图书 在当当中查询图书 在豆瓣中查询图书


正题名:泰戈尔小说选     索取号:I351.4/2         预约/预借

序号 登录号 条形码 馆藏地/架位号 状态 备注
1 0076426   000788213   第二借阅区/ [索取号:I351.4/2] 在馆    
2 0076427   000788286   第二借阅区/ [索取号:I351.4/2] 在馆    
3 0076428   001974484   第二借阅区/ [索取号:I351.4/2] 在馆    
4 0076429   000788240   第二借阅区/ [索取号:I351.4/2] 在馆    
5 0076430   000694225   第一样本阅览室/ [索取号:I351.4/2] 在馆    
唐山师范学院图书馆 欢迎您!
大连网信软件有限公司© 版权所有